MODERN INDIAN EDUCATION SYSTEM (Record no. 12111)

MARC details
000 -LEADER
fixed length control field 00291nam a22001337a 4500
003 - CONTROL NUMBER IDENTIFIER
control field SGT
082 ## - DEWEY DECIMAL CLASSIFICATION NUMBER
Classification number 370
Item number M14G
100 ## - MAIN ENTRY--PERSONAL NAME
Personal name GUPTA, RAMESH
245 ## - TITLE STATEMENT
Title MODERN INDIAN EDUCATION SYSTEM
260 ## - PUBLICATION, DISTRIBUTION, ETC. (IMPRINT)
Place of publication, distribution, etc NEW DELHI
Name of publisher, distributor, etc INDIAN PUB
Year of Publication 2014
300 ## - PAGE DESCRIPTION
No. of Pages 322
650 ## - SUBJECT ADDED ENTRY--TOPICAL TERM
Topical term or geographic name as entry element EDUCATION
942 ## - ADDED ENTRY ELEMENTS (KOHA)
Source of classification or shelving scheme Dewey Decimal Classification
Koha item type Books
942 ## - ADDED ENTRY ELEMENTS (KOHA)
-- 2
Holdings
Withdrawn status Lost status Source of classification or shelving scheme Damaged status Not for loan Collection code Home library Current library Shelving location Date acquired Vendor Name Cost, normal purchase price SGTU Bill Number Full call number Accession No. (Barcode) Date last seen Bill Date Koha item type Total Checkouts Date last borrowed
    Dewey Decimal Classification     EDUCATION SGT Engineering Library SGT Engineering Library Text Book 03/07/2017 UNIVERSAL PUB 300.00 SGTU 101/102 370 M14G ED1956 03/07/2017 22/11/2016 Books    
    Dewey Decimal Classification     EDUCATION SGT Engineering Library SGT Engineering Library Text Book 03/07/2017 UNIVERSAL PUB 300.00 SGTU 101/102 370 M14G ED1957 03/07/2017 22/11/2016 Books    
    Dewey Decimal Classification     EDUCATION SGT Engineering Library SGT Engineering Library Text Book 03/07/2017 UNIVERSAL PUB 300.00 SGTU 101/102 370 M14G ED1958 29/12/2022 22/11/2016 Books 2 01/12/2022
    Dewey Decimal Classification     EDUCATION SGT Engineering Library SGT Engineering Library Text Book 03/07/2017 UNIVERSAL PUB 300.00 SGTU 101/102 370 M14G ED1959 03/07/2017 22/11/2016 Books    
    Dewey Decimal Classification     EDUCATION SGT Engineering Library SGT Engineering Library Text Book 03/07/2017 UNIVERSAL PUB 300.00 SGTU 101/102 370 M14G ED1960 03/07/2017 22/11/2016 Books